000 01304nam a22003011a 4500
999 _c28496
_d28467
001 015716795
003 EG-ScBUE
005 20200717134735.0
008 101123s2012 enk f 000 0 eng d
020 _a9781844553761 (pbk.)
040 _aStDuBDS
_beng
_erda
_cStDuBDS
_dUk
_dEG-ScBUE
082 0 4 _a808.225
_bFRI
_222
100 1 0 _aFriedmann, Julian,
_eauthor.
_937819
245 1 4 _aThe insider's guide to writing for television /
_cJulian Friedmann and Chris Walker.
264 1 _aSurrey :
_bTrotman Publishing,
_c2012.
300 _aviii, 278 pages ;
_c24 cm
336 _atext
_2rdacontent
_btxt
337 _aunmediated
_2rdamedia
_bn
338 _avolume
_2rdacarrier
_bnc
500 _aFormerly CIP.
_5Uk
520 _aTaking budding script writers step-by-step through the entire scriptwriting process, including how to make money from TV script writing. Authored by two industry experts, from both the script wiring and agency side, this book reveals insider tips and strategies; from how to structure scripts to preparing your pitch and finding an agent.
650 7 _aTelevision authorship.
_2BUEsh
650 7 _aTelevision authorship
_xVocational guidance.
_2BUEsh
653 _bCOMAME
_cJuly2020
655 _vReading book
_934232
700 1 _aWalker, Chris,
_eauthor.
942 _2ddc
_cBB